Countries With the Highest Percent of People Who Own a Bike - Statistics

General Stats
  • This quiz has been taken 69 times
  • The average score is 8 of 10
Answer Stats
% Country % Correct
99 Netherlands
97%
48 Belgium
92%
81 Denmark
92%
75 Germany
92%
60 Finland
87%
61 Norway
87%
64 Sweden
87%
49 Switzerland
74%
57 Japan
68%
37 China
61%
No matching quizzes found
Score Distribution
Percent of People with Each Score
Percentile by Number Answered
Your Score History
You have not taken this quiz